000 00730nam1a2200253 i 4500
001 RU\NLR\ONL1\1747
005 20241118011032.0
035 _a(NLR Aleph) 010205555
090 _a10250023
_c10250023
100 _a20030830d1939 u||y0rusy50 ca
101 0 _arus
102 _aRU
105 _ay |||||||||
200 1 _aАнтирелигиозный ойлымаш-шамыч
210 _aЙошкар-Ола
_cМаргосздат
_d1939
215 _d17
541 1 _aАнтирелигиозные рассказы
_zrus
686 1 _aШ6(2=Мар)7-9(0)
801 0 _aRU
_bNLR
_c20030830
_gPSBO
852 _aNLR
_jМар.л./2-215
852 _aNLR
_bОНЛ
942 _cBOOK